[Event "Deutsche Ländermeisterschaft 2014"]
[Site "Hannover GER"]
[Date "2014.10.04"]
[Round "2"]
[White "Pfreundt, Jakob"]
[Black "Boes, Julian"]
[Result "1-0"]
[Termination "normal"]
[Board "9.3"]
[WhiteElo "2040"]
[BlackElo "1845"]
[WhiteTeam "Hamburg"]
[BlackTeam "Baden 2"]
[PlyCount "61"]
[WhiteFideId "12918156"]
[BlackFideId "12907723"]
[EventCountry "GER"]
[EventRounds "7"]
[EventType "team-swiss"]
[EventDate "2014.10.02"]

1. e4 c5 2. Nf3 e6 3. d4 cxd4 4. Nxd4 a6 5. Bd3 Nc6 6. Nxc6 bxc6 7. O-O d5 8.
Nc3 Nf6 9. Re1 Be7 10. e5 Nd7 11. Qg4 g6 12. Bh6 Nc5 13. Bf1 a5 14. Na4 Ba6 15.
Nxc5 Bxc5 16. Bxa6 Rxa6 17. Qf4 Rg8 18. Bg5 Be7 19. h4 Rb6 20. b3 Rb4 21. c4 a4
22. Re3 Bxg5 23. hxg5 Qe7 24. Rc1 axb3 25. Rxb3 Rxb3 26. axb3 Kd7 27. cxd5 exd5
28. Ra1 Rc8 29. Ra7+ Rc7 30. e6+ Kd8 31. Qxc7+ 1-0

[Event "Deutsche Ländermeisterschaft 2014"]
[Site "Hannover GER"]
[Date "2014.10.04"]
[Round "2"]
[White "Wiesner, Alexander"]
[Black "Krüger, David"]
[Result "0-1"]
[Termination "normal"]
[Board "9.4"]
[WhiteElo "1791"]
[BlackElo "2036"]
[WhiteTeam "Baden 2"]
[BlackTeam "Hamburg"]
[PlyCount "56"]
[WhiteFideId "12943991"]
[BlackFideId "12921858"]
[EventCountry "GER"]
[EventRounds "7"]
[EventType "team-swiss"]
[EventDate "2014.10.02"]

1. d4 Nf6 2. c4 c5 3. d5 b5 4. cxb5 a6 5. b6 e6 6. Nc3 exd5 7. Nxd5 Nxd5 8.
Qxd5 Nc6 9. e4 Rb8 10. Nf3 Qe7 11. a3 Rxb6 12. Bc4 Bb7 13. Qd3 Ne5 14. Nxe5
Qxe5 15. f3 Bd6 16. Qc3 Qh5 17. Qxg7 Rf8 18. Qc3 Bxh2 19. Kf1 Rg8 20. Bf4 Rxg2
21. Rxh2 Rxh2 22. Bxh2 Qxh2 23. Rd1 Rxb2 24. Bxf7+ Kxf7 25. Qc4+ Kf8 26. Qxc5+
Ke8 27. Qe3 Qg2+ 28. Ke1 Qh1+ 0-1

[Event "Deutsche Ländermeisterschaft 2014"]
[Site "Hannover GER"]
[Date "2014.10.04"]
[Round "2"]
[White "Brandt, Carina"]
[Black "Zimmer, Raphael"]
[Result "1-0"]
[Termination "normal"]
[Board "9.5"]
[WhiteElo "1886"]
[BlackElo "1902"]
[WhiteTeam "Hamburg"]
[BlackTeam "Baden 2"]
[PlyCount "120"]
[WhiteFideId "12917940"]
[BlackFideId "12978841"]
[EventCountry "GER"]
[EventRounds "7"]
[EventType "team-swiss"]
[EventDate "2014.10.02"]

1. e4 e5 2. Bc4 Nf6 3. d3 Bc5 4. Nc3 Nc6 5. f4 exf4 6. Bxf4 O-O 7. Nf3 Re8 8.
Nd5 Nxd5 9. Bxd5 Qf6 10. Bd2 Nd4 11. Rf1 Nxf3+ 12. Qxf3 Qxf3 13. Rxf3 Rf8 14.
O-O-O c6 15. Bb3 d5 16. Rdf1 Be6 17. exd5 Bxd5 18. Bxd5 cxd5 19. Rf5 Rad8 20.
Re1 g6 21. Rg5 f6 22. Rg4 f5 23. Ra4 Rde8 24. Kd1 Rxe1+ 25. Bxe1 Re8 26. Bd2 d4
27. Ra5 Bb6 28. Rd5 Kf7 29. Bb4 Rd8 30. Re5 Rd7 31. h3 Kf6 32. Re8 Rd5 33. Rf8+
Kg5 34. Rf7 h5 35. g3 Kh6 36. Bf8+ Kg5 37. Be7+ Kh6 38. h4 g5 39. Bxg5+ Kg6 40.
Rxb7 Re5 41. Bf4 Re6 42. Rd7 Bc5 43. c3 dxc3 44. bxc3 Rb6 45. d4 Ba3 46. Rxa7
Rb1+ 47. Kc2 Rb2+ 48. Kd3 Bf8 49. a4 Rb3 50. a5 Ra3 51. Ra6+ Kf7 52. Bd6 Bxd6
53. Rxd6 Rxa5 54. d5 Ke7 55. Re6+ Kd7 56. Kd4 Ra4+ 57. c4 Ra3 58. Re3 Ra4 59.
Rf3 Kd8 60. Rxf5 Ra3 1-0

[Event "Deutsche Ländermeisterschaft 2014"]
[Site "Hannover GER"]
[Date "2014.10.04"]
[Round "2"]
[White "Riegel, Arinna"]
[Black "Meyling, Lennart"]
[Result "1-0"]
[Termination "normal"]
[Board "9.6"]
[WhiteElo "1620"]
[BlackElo "1713"]
[WhiteTeam "Baden 2"]
[BlackTeam "Hamburg"]
[PlyCount "119"]
[WhiteFideId "12931446"]
[BlackFideId "12947130"]
[EventCountry "GER"]
[EventRounds "7"]
[EventType "team-swiss"]
[EventDate "2014.10.02"]

1. e4 c5 2. Nf3 d6 3. d4 cxd4 4. Nxd4 Nf6 5. f3 a6 6. c4 g6 7. Nc3 Bg7 8. Be3
O-O 9. Qd2 Nbd7 10. Be2 Ne5 11. b3 Nh5 12. O-O Qa5 13. Nd5 Qd8 14. Rac1 e6 15.
Nc3 Nc6 16. Rfd1 Nxd4 17. Bxd4 Nf6 18. Bxf6 Bxf6 19. Qxd6 Qxd6 20. Rxd6 Be7 21.
Rd3 b5 22. Nd1 e5 23. Nf2 Ba3 24. Rc2 bxc4 25. Rxc4 Be6 26. Rc7 a5 27. Rdc3 Bb4
28. Rc1 Rfd8 29. Nd3 Bd2 30. R1c2 Be3+ 31. Kf1 Bd4 32. Nc5 Bc8 33. Bc4 Rf8 34.
Nd3 Ba6 35. Bxa6 Rxa6 36. Re7 a4 37. Nxe5 axb3 38. axb3 Rb6 39. Nd7 Rb7 40.
Nf6+ Bxf6 41. Rxb7 Ra8 42. b4 Ra1+ 43. Ke2 Rh1 44. h3 Rg1 45. Kd3 Rd1+ 46. Rd2
Rb1 47. b5 Kg7 48. Kc4 Rc1+ 49. Kd5 Rc8 50. Kd6 Rd8+ 51. Rd7 Rb8 52. Kc6 Kf8
53. b6 Rc8+ 54. Kb7 Rc3 55. Ka8 Rc8+ 56. Ka7 Rc3 57. Ra2 Ke8 58. Rc7 Rxc7+ 59.
bxc7 Bd4+ 60. Kb7 1-0

[Event "Deutsche Ländermeisterschaft 2014"]
[Site "Hannover GER"]
[Date "2014.10.04"]
[Round "2"]
[White "Voß, Henrike"]
[Black "Ehmann, Johanna"]
[Result "0-1"]
[Termination "normal"]
[Board "9.7"]
[WhiteElo "1604"]
[BlackElo "1517"]
[WhiteTeam "Hamburg"]
[BlackTeam "Baden 2"]
[PlyCount "50"]
[WhiteFideId "12971910"]
[BlackFideId "12953130"]
[EventCountry "GER"]
[EventRounds "7"]
[EventType "team-swiss"]
[EventDate "2014.10.02"]

1. e4 e5 2. Nf3 Nc6 3. Bc4 Bc5 4. c3 Nf6 5. d3 d5 6. exd5 Nxd5 7. h3 Bf5 8. Bb3
Nb6 9. Bc2 O-O 10. O-O Re8 11. Re1 e4 12. d4 exf3 13. Rxe8+ Qxe8 14. Bxf5 Qe2
15. Bc2 Bd6 16. gxf3 Re8 17. Be3 Rxe3 18. fxe3 Qh2+ 19. Kf1 Bg3 20. Qd2 Qh1+
21. Ke2 Nc4 22. Qd1 Qg2+ 23. Kd3 Nxb2+ 24. Ke4 Nxd1 25. Bxd1 Qxh3 0-1

[Event "Deutsche Ländermeisterschaft 2014"]
[Site "Hannover GER"]
[Date "2014.10.04"]
[Round "2"]
[White "Lohrmann, Tabea"]
[Black "Michna, Masza"]
[Result "1-0"]
[Termination "normal"]
[Board "9.8"]
[WhiteElo "1467"]
[BlackElo "1347"]
[WhiteTeam "Baden 2"]
[BlackTeam "Hamburg"]
[PlyCount "99"]
[WhiteFideId "12911941"]
[BlackFideId "12921998"]
[EventCountry "GER"]
[EventRounds "7"]
[EventType "team-swiss"]
[EventDate "2014.10.02"]

1. e4 e6 2. d4 d5 3. exd5 exd5 4. c4 Nf6 5. Nc3 Bb4 6. Nf3 O-O 7. Be2 dxc4 8.
Bxc4 Re8+ 9. Be3 Bxc3+ 10. bxc3 Ng4 11. Qd3 Qe7 12. O-O Nxe3 13. fxe3 Qxe3+ 14.
Qxe3 Rxe3 15. Rae1 Rxe1 16. Rxe1 Bd7 17. Re7 b5 18. Bb3 h6 19. Ne5 Be6 20. Bxe6
fxe6 21. Rxc7 Kf8 22. Ng6+ Kg8 23. Re7 a6 24. Rxe6 Kf7 25. d5 Ra7 26. Ne5+ Kf8
27. Kf2 Rc7 28. d6 Rc8 29. d7 Rd8 30. Ke3 Nxd7 31. Nxd7+ Rxd7 32. Rxa6 Rb7 33.
Kd4 b4 34. cxb4 Rxb4+ 35. Kc3 Rf4 36. a4 Rf2 37. Rg6 Rf4 38. a5 Ra4 39. a6 Ke8
40. Kb3 Ra1 41. Kb4 Rb1+ 42. Ka5 Kf7 43. Rb6 Ra1+ 44. Kb5 Ke8 45. Kc6 Kd8 46.
Kb7 Rc1 47. a7 Rc7+ 48. Ka6 Rc8 49. Rb8 Kc7 50. Rxc8+ 1-0